Every Song by Depeche Mode - Statistics

General Stats
  • This quiz has been taken 36 times
  • The average score is 58 of 197
Answer Stats
Album Song % Correct
Speak & Spell(1981) Just Can't Get Enough
86%
Violator(1990) Enjoy the Silence
82%
Black Celebration(1986) Black Celebration
73%
Construction Time Again(1983) Everything Counts
73%
Construction Time Again(Bonus)(1983) Everything Counts (Reprise)
73%
Music for the Masses(1987) Never Let Me Down Again
73%
Speak & Spell(1981) New Life
73%
Some Great Reward(1984) People Are People
73%
Violator(1990) Personal Jesus
73%
Some Great Reward(1984) Blasphemous Rumours
68%
Violator(1990) Policy of Truth
68%
Black Celebration(1986) Stripped
68%
Violator(1990) Blue Dress
64%
The Singles 81→85(1985) Shake the Disease
64%
Music for the Masses(1987) Strangelove
64%
Black Celebration(1986) A Question of Time
59%
Black Celebration(1986) Fly on the Windscreen
59%
Violator(1990) Halo
59%
Speak & Spell(1981) Tora! Tora! Tora!
59%
Violator(1990) World in My Eyes
59%
Black Celebration(1986) A Question of Lust
55%
Songs of Faith and Devotion(1993) I Feel You
55%
Ultra(1997) It's No Good
55%
Some Great Reward(1984) Master and Servant
55%
Black Celebration(1986) New Dress
55%
Music for the Masses(1987) Nothing
55%
Playing the Angel(2005) Precious
55%
Delta Machine(2013) Angel
50%
Music for the Masses(1987) Behind the Wheel
50%
Ultra(1997) Home
50%
Playing the Angel(2005) John the Revelator
50%
A Broken Frame(1982) Leave in Silence
50%
A Broken Frame(1982) See You
50%
Playing the Angel(2005) Suffer Well
50%
Violator(1990) Sweetest Perfection
50%
Ultra(1997) Useless
50%
Songs of Faith and Devotion(1993) Walking in My Shoes
50%
Ultra(1997) Barrel of a Gun
45%
Songs of Faith and Devotion(1993) Condemnation
45%
Exciter(2001) Dream On
45%
Black Celebration(1986) Dressed in Black
45%
People Are People(1984) Get the Balance Right!
45%
Memento Mori(2023) Ghosts Again
45%
Delta Machine(2013) Heaven
45%
Songs of Faith and Devotion(1993) In Your Room
45%
Some Great Reward(1984) Lie to Me
45%
Speak & Spell(1981) Nodisco
45%
Speak & Spell(1981) Photographic
45%
Violator(1990) Waiting for the Night
45%
Playing the Angel(2005) A Pain That I'm Used To
41%
Speak & Spell(1981) Boys Say Go!
41%
Songs of Faith and Devotion(1993) Judas
41%
Music for the Masses(1987) Little
41%
Some Great Reward(1984) Somebody
41%
Some Great Reward(1984) Something to Do
41%
Black Celebration(1986) Sometimes
41%
Playing the Angel(Bonus)(2005) Free
36%
Exciter(2001) Freelove
36%
Black Celebration(1986) Here Is the House
36%
Sounds of the Universe(2009) Hole to Feed
36%
Speak & Spell(1981) I Sometimes Wish I Was Dead
36%
Some Great Reward(1984) It Doesn't Matter
36%
Sounds of the Universe(2009) Jezebel
36%
The Best of Depeche Mode Volume 1(2006) Martyr
36%
Speak & Spell(1981) Puppets
36%
Songs of Faith and Devotion(1993) Rush
36%
Music for the Masses(1987) The Things You Said
36%
Delta Machine(2013) Welcome to My World
36%
Black Celebration(1986) World Full of Nothing
36%
Violator(1990) Clean
32%
The Singles 81→85(1985) Dreaming of Me
32%
Songs of Faith and Devotion(1993) Get Right with Me
32%
Delta Machine(2013) Goodbye
32%
Songs of Faith and Devotion(1993) Higher Love
32%
Exciter(2001) I Feel Loved
32%
Black Celebration(1986) It Doesn't Matter Two
32%
Songs of Faith and Devotion(1993) Mercy in You
32%
Songs of Faith and Devotion(1993) One Caress
32%
Music for the Masses(1987) Sacred
32%
Exciter(2001) Shine
32%
Some Great Reward(1984) Stories of Old
32%
Exciter(2001) The Dead of Night
32%
A Broken Frame(1982) The Meaning of Love
32%
A Broken Frame(1982) The Sun & the Rainfall
32%
Exciter(2001) The Sweetest Condition
32%
Spirit(2017) Where's the Revolution
32%
Sounds of the Universe(2009) Wrong
32%
Black Celebration(Bonus)(1986) Black Day
27%
Spirit(2017) Cover Me
27%
Exciter(2001) Goodnight Lovers
27%
Some Great Reward(1984) If You Want
27%
Sounds of the Universe(2009) In Chains
27%
Ultra(1997) Insight
27%
Music for the Masses(1987) I Want You Now
27%
Playing the Angel(2005) Nothing's Impossible
27%
Music for the Masses(1987) Pimpf
27%
Delta Machine(2013) Should Be Higher
27%
A Broken Frame(1982) Shouldn't Have Done That
27%
Ultra(1997) Sister of Night
27%
Delta Machine(2013) Soothe My Soul
27%
Construction Time Again(1983) Told You So
27%
Ultra(1997) Uselink
27%
Speak & Spell(1981) What's Your Name?
27%
Delta Machine(Bonus)(2013) Always
23%
Construction Time Again(1983) And Then...
23%
Memento Mori(2023) Before We Drown
23%
Speak & Spell(1981) Big Muff
23%
Exciter(2001) Breathe
23%
Delta Machine(2013) Broken
23%
Ultra(1997) Freestate
23%
Spirit(2017) Going Backwards
23%
The Singles 81→85(1985) It's Called a Heart
23%
Construction Time Again(1983) Love, in Itself
23%
Construction Time Again(1983) More Than a Party
23%
Memento Mori(2023) My Cosmos Is Mine
23%
A Broken Frame(1982) My Secret Garden
23%
Construction Time Again(1983) Pipeline
23%
Speak & Spell(Bonus)(1988) Shout!
23%
Memento Mori(2023) Soul with Me
23%
Playing the Angel(2005) The Sinner in Me
23%
Music for the Masses(1987) To Have and to Hold
23%
Memento Mori(2023) Wagging Tongue
23%
Exciter(2001) When the Body Speaks
23%
Music for the Masses(Bonus)(1987) Agent Orange
18%
Speak & Spell(1981) Any Second Now (Voices)
18%
Black Celebration(Bonus)(1986) Breathing in Fumes
18%
Memento Mori(2023) Caroline's Monkey
18%
Playing the Angel(2005) Damaged People
18%
Speak & Spell(Bonus)(1988) Ice Machine
18%
Music for the Masses(Hidden)(1987) Interlude #1 (Mission Impossible)
18%
Playing the Angel(2005) I Want It All
18%
Playing the Angel(2005) Lilian
18%
Memento Mori(2023) My Favourite Stranger
18%
A Broken Frame(1982) Nothing to Fear
18%
The Singles 86–98(1998) Only When I Lose Myself
18%
Memento Mori(2023) People Are Good
18%
Sounds of the Universe(2009) Perfect
18%
A Broken Frame(1982) Satellite
18%
Construction Time Again(1983) Shame
18%
Memento Mori(2023) Speak to Me
18%
Construction Time Again(1983) Two Minute Warning
18%
Memento Mori(2023) Always You
14%
Playing the Angel(Bonus)(2005) Better Days
14%
Exciter(2001) I Am You
14%
Violator(1990) Interlude #2 (Crucified)
14%
Violator(1990) Interlude #3
14%
Songs of Faith and Devotion(1993) Interlude #4
14%
Ultra(1997) Jazz Thieves
14%
Exciter(2001) Lovetheme
14%
Playing the Angel(2005) Macro
14%
A Broken Frame(1982) Monument
14%
Memento Mori(2023) Never Let Me Go
14%
Spirit(2017) No More (This Is the Last Time)
14%
Spirit(2017) Poison Heart
14%
Spirit(2017) Scum
14%
Delta Machine(2013) Slow
14%
Ultra(1997) The Bottom Line
14%
Construction Time Again(1983) The Landscape Is Changing
14%
Ultra(1997) The Love Thieves
14%
Delta Machine(2013) Alone
9%
A Broken Frame(1982) A Photograph of You
9%
Exciter(2001) Comatose
9%
Sounds of the Universe(2009) Corrupt
9%
Exciter(2001) Easy Tiger
9%
Spirit(2017) Fail
9%
Catching Up with Depeche Mode(1985) Flexible
9%
Sounds of the Universe(2009) Fragile Tension
9%
Sounds of the Universe(2009) In Sympathy
9%
Sounds of the Universe(Hidden)(2009) Interlude #5
9%
Playing the Angel(2005) Introspectre
9%
Ultra(Hidden)(1997) Junior Painkiller
9%
Songs of Faith and Devotion(Bonus)(2006) My Joy
9%
People Are People(1984) Now This Is Fun
9%
Sounds of the Universe(2009) Peace
9%
Music for the Masses(Bonus)(1987) Pleasure, Little Treasure
9%
Delta Machine(2013) Secret to the End
9%
Playing the Angel(2005) The Darkest Star
9%
Delta Machine(Bonus)(2013) All That's Mine
5%
Sounds of the Universe(2009) Come Back
5%
Songs of Faith and Devotion(Bonus)(2006) Death's Door
5%
Memento Mori(2023) Don't Say You Love Me
5%
Sounds of the Universe(2009) Little Soul
5%
Delta Machine(Bonus)(2013) Long Time Lie
5%
Sounds of the Universe(2009) Miles Away/The Truth Is
5%
Delta Machine(2013) My Little Universe
5%
Playing the Angel(Bonus)(2005) Newborn
5%
Sounds of the Universe(Bonus)(2009) Oh Well
5%
Spirit(2017) Poorman
5%
Spirit(2017) So Much Love
5%
Sounds of the Universe(2009) Spacewalker
5%
Delta Machine(2013) The Child Inside
5%
People Are People(1984) Work Hard
5%
Spirit(2017) You Move
5%
Spirit(2017) Eternal
0%
Delta Machine(Bonus)(2013) Happens All the Time
0%
Delta Machine(2013) Soft Touch/Raw Nerve
0%
Spirit(2017) The Worst Crime
0%
No matching quizzes found
Score Distribution
Percent of People with Each Score
Percentile by Number Answered
Your Score History
You have not taken this quiz